LEADER 01338nam a2200241 u 4500 001 000000034931 003 CaOOAMICUS 005 20070226112528.0 008 980216s1929 gw u000 u ger u 035 $a10782750 040 $aPUL(R)$bita 100 1 $aSchlüter, Johannes.$0(OLS)http://pul/name/26836 245 10$aRechtsgeschäfte der katholischen Kirchengemeinden in Preussen :$bDarstellung der Regelung der Rechtsgültigkeit der Beschlüsse der kirchlichen Derwaltungsorgane auf der Grundlage der Anordnung vom 20. Februar 1928 (GS. 12) /$cvon Johannes Schlüter .. 260 $a[s.l.] :$bM. Gladbach,$c1929. 300 $a112 p. ;$c22 cm 500 $aContiene indici: pp. 105-112. 650 4$aDiritto ecclesiastico$zGermania.$0(OLS)http://pul/subject/7664 850 $aPUL 852 $aPUL$W1$xDP2 Diritto Canonico 1$y64$m147 B 46$j47838$nBK-PRI$qStampati$B47838$CPULBib$Z2$F47838 $H21651 $82 941 1 $a8 961 $aPrecedente collocazione: 60-D. 996 $6245$aRechtsgeschäfte der katholischen Kirchengemeinden in Preussen :$bDarstellung der Regelung der Rechtsgültigkeit der Beschlüsse der kirchlichen Derwaltungsorgane auf der Grundlage der Anordnung vom 20. Februar 1928 (GS. 12)$9(OLS)http://pul/title/48102 996 $6260$a[s.l.] :$bM. Gladbach$9(OLS)http://pul/publisher/62257 LEADER 02381nam a2200397 u 4500 001 000000019860 003 CaOOAMICUS 005 20070226110832.0 008 940514s1966 it u000 u ita u 035 $a10478810 040 $aPUL(R)$bita$dPUL(R) 100 1 $aPadovani, Umberto Antonio,$d1894-1968.$0(OLS)http://pul/name/5177 245 10$aSommario di storia della filosofia con particolare riguardo ai problemi morali e religiosi /$cUmberto A. Padovani. 260 $aRoma :$bDesclée,$c1966. 300 $a3 v. ;$c23 cm 490 1 $aCollectio philosophica Lateranensis ;$v11-13 505 0 $av.1. Introduzione metodologica, pensiero indiano, pensiero classico -- v.2. Il pensiero cristiano -- v.3. Pensiero moderno, pensiero contemporaneo, conclusione critico-sistematica. 650 4$aFilosofia$xStoria.$0(OLS)http://pul/subject/580 830 0$aCollectio philosophica Lateranensis ;$v11-13.$0(OLS)http://pul/title/731 850 $aPUL 852 $aPUL$W1$xDP1 Fondo Giannini$y60$m1553 E 7-9$j27834$nBK-PRI$b $qFondi$B27834$CPULBib$Z2$F27834 $H $81 852 $aPUL$W1$xDP1 Fondo Giannini$y60$m1553 E 7-9$j27834$nBK-PRI$b $qFondi$B27835$CPULBib$Z2$F27835 $H $81 852 $aPUL$W1$xDP1 Fondo Giannini$y60$m1553 E 7-9$j27834$nBK-PRI$b $qFondi$B27836$CPULBib$Z2$F27836 $H $81 852 $aPUL$W1$xSL Filosofia 2$y80$mPhil A17 11-13$j27837$nBK-PRI$b $qStampati altre collocazioni$B27837$CPULBib$Z2$F27837 $H $81 852 $aPUL$W1$xSL Filosofia 2$y80$mPhil A17 11-13$j27837$nBK-PRI$b $qStampati altre collocazioni$B27838$CPULBib$Z2$F27838 $H $81 852 $aPUL$W1$xSL Filosofia 2$y80$mPhil A17 11-13$j27837$nBK-PRI$b $qStampati altre collocazioni$B27839$CPULBib$Z2$F27839 $H $81 941 1 $a10 941 1 $a1 961 $aINV: F. Giannini 961 $aINV: F. Giannini 961 $aINV: F. Giannini 961 $aINV: 31168-31151-45754 961 $aINV: 31168-31151-45754 961 $aINV: 31168-31151-45754 996 $6245$aSommario di storia della filosofia con particolare riguardo ai problemi morali e religiosi$9(OLS)http://pul/title/28081 996 $6260$aRoma :$bDesclée$9(OLS)http://pul/publisher/48185